000 00329nam a2200133Ia 4500
008 240624s9999 xx 000 0 und d
041 _aeng
082 _a823 TAG
100 _aTAGORE RABINDRANATH
245 _aHOME AND THE WORLD
260 _c2007
_aNew Delhi
_bMacmillan India
300 _a384 : p. : cm. ; 17
365 _cRS
_b32
999 _c6835
_d6835